000 00298nam a22001337a 4500
008 170731b xxu||||| |||| 00| 0 eng d
020 _a061910113-X
041 _aeng
080 _23RD
_a004
100 _a32
101 _aSHK
245 _aCREATING WEB PAGES WITH HTML
_cCAREY,P
942 _2udc
_cBK
999 _c22211
_d22211